Statistics for Spanish words

Click here to take the quiz!

General Stats

  • This quiz has been taken 67 times
  • The average score is 20 of 25

Answer Stats

SpanishEnglish% Correct
HolaHello
100%
AmorLove
94%
Por favorPlease
94%
EspañaSpain
94%
AdiósGood Bye
92%
SolSun
92%
Buenos díasGood Morning
90%
PolloChicken
88%
PerroDog
88%
MiércolesWednesday
87%
IslaIsland
83%
MapaMap
83%
CalleStreet
83%
ViernesFriday
81%
PezFish
79%
SemanaWeek
79%
CocheCar
73%
NiñoChild
73%
SalSalt
73%
DeporteSport
71%
AlemaniaGermany
69%
LluviaRain
69%
Te quieroI love You
62%
CalorHeat
60%
CieloSky
54%

Score Distribution

Percentile by Number Answered

Percent of People with Each Score

Your Score History

You have not taken this quiz